| 000 | 00829nam a2200253Ia 4500 | ||
|---|---|---|---|
| 003 | OSt | ||
| 005 | 20220925232140.0 | ||
| 006 | a|||||r|||| 00| 0 | ||
| 007 | ta | ||
| 008 | 220923b |||||||| |||| 00| 0 eng d | ||
| 020 | _a0486424960 | ||
| 037 | _cGeneral Book | ||
| 040 |
_aRTL _cRTL _beng |
||
| 041 |
_2eng _aeng |
||
| 082 | _aY:356:g, P2 | ||
| 100 |
_aSumner William Graham _910785 |
||
| 245 | 0 |
_aFolkways _b A study of mores, manners, customs and morals |
|
| 260 |
_aMineola _bDover Publications _c2002 |
||
| 300 |
_avii,692p _ccm. |
||
| 490 | _aPublished previously as Folkways: A study of sociological importance of usages, manners, customs, mores and morals | ||
| 500 | _aBibliography : P655-670 | ||
| 942 |
_hY:356:g, P2 _cGB _2CC |
||
| 999 |
_c590442 _d590442 |
||